Security analysis and business valuation on Wall Street a comprehensive guide to today's valuation methods /

Bibliographic Details
Main Author: Hooke, Jeffrey C.
Corporate Author: ProQuest (Firm)
Format: Electronic eBook
Language:English
Published: Hoboken, N.J. : Wiley, c2010.
Edition:2nd ed.
Series:Wiley finance series.
Subjects:
Online Access:Click to View
LEADER 01362nam a2200373Ia 4500
001 EBC514349
003 MiAaPQ
005 20200520144314.0
006 m o d |
007 cr cn|||||||||
008 091015s2010 njua sb 001 0 eng d
010 |z  2009042888 
020 |z 9780470277348 
035 |a (MiAaPQ)EBC514349 
035 |a (Au-PeEL)EBL514349 
035 |a (CaPaEBR)ebr10381051 
035 |a (OCoLC)630057558 
040 |a MiAaPQ  |c MiAaPQ  |d MiAaPQ 
050 4 |a HG4529  |b .H66 2010 
082 0 4 |a 332.63/2  |2 22 
100 1 |a Hooke, Jeffrey C. 
245 1 0 |a Security analysis and business valuation on Wall Street  |h [electronic resource] :  |b a comprehensive guide to today's valuation methods /  |c Jeffrey C. Hooke. 
250 |a 2nd ed. 
260 |a Hoboken, N.J. :  |b Wiley,  |c c2010. 
300 |a xx, 408 p. :  |b ill. 
490 1 |a Wiley finance series 
504 |a Includes bibliographical references and index. 
533 |a Electronic reproduction. Ann Arbor, MI : ProQuest, 2015. Available via World Wide Web. Access may be limited to ProQuest affiliated libraries. 
650 0 |a Investment analysis. 
650 0 |a Securities  |x Research. 
655 4 |a Electronic books. 
710 2 |a ProQuest (Firm) 
830 0 |a Wiley finance series. 
856 4 0 |u https://ebookcentral.proquest.com/lib/matrademy/detail.action?docID=514349  |z Click to View